Name The Cities Of Italy - Statistics

General Stats
  • This quiz has been taken 22 times
  • The average score is 34 of 140
Answer Stats
Answer % Correct
Rho
100%
Milan
90%
Naples
90%
Venice
90%
Genoa
86%
Turin
86%
Bologna
81%
Florence
81%
Palermo
81%
Rome
81%
Bari
76%
Verona
76%
Pisa
71%
Rimini
71%
Trieste
71%
Bergamo
62%
Cagliari
62%
Udine
62%
Catania
57%
Parma
57%
Ancona
52%
Livorno
52%
Ravenna
52%
Syracuse
52%
Messina
48%
Padua
48%
Brescia
43%
Lecce
43%
Modena
43%
Salerno
43%
Vicenza
43%
Brindisi
38%
Como
38%
Monza
38%
Perugia
38%
Reggio Calabria
38%
Taranto
38%
Trento
38%
Ferrara
33%
La Spezia
33%
Novara
33%
Pescara
33%
Siena
33%
Alessandria
29%
Catanzaro
29%
Foggia
29%
Latina
29%
Sanremo
29%
Terni
29%
Benevento
24%
Caserta
24%
Cremona
24%
Forlì
24%
L’Aquila
24%
Lucca
24%
Piacenza
24%
Prato
24%
Reggio Emilia
24%
Sassari
24%
Andria
19%
Arezzo
19%
Asti
19%
Crotone
19%
Cuneo
19%
Ragusa
19%
Trapani
19%
Varese
19%
Viterbo
19%
Agrigento
14%
Barletta
14%
Carpi
14%
Cosenza
14%
Gela
14%
Grosseto
14%
Imola
14%
Massa
14%
Olbia
14%
Pavia
14%
Pistoia
14%
Savona
14%
Treviso
14%
Vittoria
14%
Cesena
10%
Civitavecchia
10%
Fano
10%
Lamezia Terme
10%
Marsala
10%
Matera
10%
Pesaro
10%
Potenza
10%
Rovigo
10%
Teramo
10%
Viareggio
10%
Aprilia
5%
Avellino
5%
Busto Arsizio
5%
Caltanissetta
5%
Carrara
5%
Cerignola
5%
Ercolano
5%
Faenza
5%
Modica
5%
Moncalieri
5%
Pordenone
5%
Pozzuoli
5%
Trani
5%
Velletri
5%
Acerra
0%
Acireale
0%
Afragola
0%
Altamura
0%
Anzio
0%
Aversa
0%
Bagheria
0%
Bisceglie
0%
Bitonto
0%
Bolzano-Bozen
0%
Casoria
0%
Castellammare di Stabia
0%
Cava de' Tirreni
0%
Cinisello Balsamo
0%
Corigliano-Rossano
0%
Fiumicino
0%
Foligno
0%
Gallarate
0%
Giugliano in Campania
0%
Guidonia Montecelio
0%
Legnano
0%
Manfredonia
0%
Marano di Napoli
0%
Mazara del Vallo
0%
Molfetta
0%
Montesilvano
0%
Pomezia
0%
Portici
0%
Quartu Sant'Elena
0%
Sesto San Giovanni
0%
Tivoli
0%
Torre del Greco
0%
Vigevano
0%
No matching quizzes found
Score Distribution
Percent of People with Each Score
Percentile by Number Answered
Your Score History
You have not taken this quiz